000 00554nam a22001817a 4500
005 20251108170936.0
008 250721s1991 xx 000 0 ara d
082 1 4 _aط/811.962/سمي
100 1 _aعبد القادر، سمير
245 1 0 _aفي الغابة الجنبية /
264 1 _aالقاهرة :
_bالهيئة العامة للكتاب،
_c1991.
300 _a58ص
490 0 _aأشعار وأغاني مصرية للأطفال ، 2
650 1 7 _aالشعر العربي
650 1 7 _aمصر
942 _2ddc
_cBK
999 _c52686
_d52686